000 00527nam a22001697a 4500
003 BD-DhJNU
005 20250413052750.0
008 250413b |||||||| |||| 00| 0 eng d
040 _aBD-DhJNU
_bENG
_cBD-DhJNU
_dBD-DhJNU
082 _223
_a312
100 _aWolfenden, Hugh H.
245 _aPopulation statistics and their compilation /
_cHugh H. Wolfenden
260 _aChicago :
_bThe University of Chicago Press,
_c1954.
300 _axxiii, 258 p. :
_bill. ;
_c23 cm.
650 _aPopulation Statistics
942 _2ddc
_cBK
_n0
999 _c1574
_d1574